[Event "Marseille op 5th"]
[Site "Marseille"]
[Date "2012.12.27"]
[Round "5"]
[White "Collas, Didier"]
[Black "Scripnic, Dumitru"]
[Result "1-0"]
[WhiteElo "2401"]
[BlackElo "2044"]
[PlyCount "57"]
[EventDate "2012.12.26"]
[EventType "swiss"]
[EventRounds "9"]
[EventCountry "FRA"]
[SourceTitle "EXT 2014"]
[Source "ChessBase"]
[SourceDate "2013.11.20"]
[SourceVersion "1"]
[SourceVersionDate "2013.11.20"]
[SourceQuality "1"]

1. c4 Nf6 2. Nc3 g6 3. e4 d6 4. d4 Bg7 5. Be2 0-0 6. Bg5 c5 7. d5 b5 8. cxb5 a6 9. Qd2 Qa5 10. f3 e6 11. dxe6 Bxe6 12. a4 Nbd7 13. Nh3 axb5 14. Nxb5 Nb6 15. Nxd6 Nxa4 16. Qxa5 Rxa5 17. Nf4 Bb3 18. Bc4 Bxc4 19. Nxc4 Raa8 20. Kd2 h6 21. Bxf6 Bxf6 22. Kc2 Rfb8 23. e5 Rb4 24. b3 Rxc4+ 25. bxc4 Bxe5 26. Nd5 Kf8 27. Ra3 Bb2 28. Ra2 Bd4 29. Rb1 1-0

[Event "Ilichevsk Sunny Pawn op"]
[Site "Ilichevsk"]
[Date "2007.07.27"]
[Round "7"]
[White "Zhecheva, Oksana"]
[Black "Scripnic, Dumitru"]
[Result "0-1"]
[WhiteElo "2256"]
[BlackElo "1903"]
[PlyCount "132"]
[EventDate "2007.07.20"]
[EventType "swiss"]
[EventRounds "11"]
[EventCountry "UKR"]
[SourceTitle "CBM 119 Extra"]
[Source "ChessBase"]
[SourceDate "2007.09.04"]
[SourceVersion "1"]
[SourceVersionDate "2007.09.04"]
[SourceQuality "1"]

1. d4 Nf6 2. c4 g6 3. Nf3 Bg7 4. e3 0-0 5. Nc3 d6 6. h3 c5 7. dxc5 dxc5 8. Bd3 Nc6 9. a3 Na5 10. 0-0 Be6 11. Qe2 Nb3 12. Rb1 Qb6 13. e4 Nxc1 14. Rfxc1 Nh5 15. Nd5 Bxd5 16. exd5 Nf4 17. Qe4 Nxd3 18. Qxd3 Rad8 19. Rd1 Rd7 20. b4 e6 21. bxc5 Qxc5 22. Rb5 Qd6 23. Ng5 b6 24. Ne4 Qf4 25. g3 Qc7 26. d6 Qc6 27. c5 Rfd8 28. Qc4 h6 29. a4 Kh7 30. Qb4 f5 31. Nc3 bxc5 32. Rxc5 Qf3 33. Rc7 Bxc3 34. Rxd7+ Rxd7 35. Qb3 Qe2 36. Rc1 Bd4 37. Rc2 Qe1+ 38. Kg2 Rxd6 39. Rc7+ Bg7 40. Qb2 Qe4+ 41. Kh2 Qd4 42. Qe2 Qd2 43. Qf3 Rd3 44. Qf4 Qxf4 45. gxf4 Rd4 46. Rxa7 Rxf4 47. a5 Rxf2+ 48. Kg3 Ra2 49. a6 g5 50. Kf3 Kg6 51. Ra8 e5 52. Ke3 e4 53. a7 Ra3+ 54. Ke2 f4 55. Re8 Rxa7 56. Rxe4 Ra2+ 57. Kf3 Ra3+ 58. Kg2 Rg3+ 59. Kh2 Re3 60. Rc4 Re2+ 61. Kg1 Kh5 62. Rb4 Kh4 63. Rb3 Bd4+ 64. Kf1 Rf2+ 65. Ke1 Be3 66. Rb6 Bxb6 0-1

[Event "Novi Sad op U16"]
[Site "Novi Sad"]
[Date "2006.07.05"]
[Round "5"]
[White "Scripnic, Dumitru"]
[Black "Zemouli, Issam"]
[Result "0-1"]
[WhiteElo "1759"]
[BlackElo "2061"]
[PlyCount "83"]
[EventDate "2006.07.01"]
[EventType "swiss"]
[EventRounds "9"]
[EventCountry "YUG"]
[SourceTitle "EXT 2011"]
[Source "ChessBase"]
[SourceDate "2010.11.26"]
[SourceVersion "1"]
[SourceVersionDate "2010.11.26"]
[SourceQuality "1"]

1. e4 c5 2. c3 d5 3. exd5 Qxd5 4. d4 Nc6 5. Nf3 e5 6. dxe5 Qxd1+ 7. Kxd1 Bg4 8. Bf4 Nge7 9. Nbd2 Ng6 10. Bg3 Ngxe5 11. Kc2 Bf5+ 12. Kc1 Nxf3 13. Nxf3 0-0-0 14. Bc4 f6 15. Nh4 Bd7 16. Bd3 g6 17. Re1 Na5 18. b3 c4 19. bxc4 Ba3+ 20. Kd2 Ba4 21. Re4 Bc6 22. Rd4 Rxd4 23. cxd4 Bb2 24. Re1 Bxd4 25. Re7 Bd7 26. Nf3 Bc5 27. Rf7 Bb4+ 28. Kc1 Ba3+ 29. Kd2 Be6 30. Rc7+ Kd8 31. Nd4 Bc8 32. Kc3 Be7 33. Be4 a6 34. Bd5 f5 35. Be5 Re8 36. Be6 Bb4+ 37. Kxb4 Bxe6 38. Kxa5 Bc8 39. Bd6 Re4 40. Nb3 Re2 41. a4 Rb2 42. Nc5 0-1